Histoire de la Littérature Latine Chrétienne
Furkejuvvon:
| Váldodahkki: | |
|---|---|
| Materiálatiipa: | Girji |
| Giella: | French |
| Almmustuhtton: |
París, Francia
Les Belles Lettres
1924
|
| Preanttus: | 2 |
| Fáttát: | |
| Fáddágilkorat: |
Lasit fáddágilkoriid
Eai fáddágilkorat, Lasit vuosttaš fáddágilkora!
|
MARC
| LEADER | 00000nam a2200000Ia 4500 | ||
|---|---|---|---|
| 008 | 170316s9999 xx 000 0 fre d | ||
| 040 | |a cru BVZT | ||
| 090 | |a 870 L-1h | ||
| 100 | |a Labriolle, Pierre de | ||
| 245 | |a Histoire de la Littérature Latine Chrétienne |c Pierre de Labriolle | ||
| 250 | |a 2 | ||
| 260 | |a París, Francia | ||
| 260 | |b Les Belles Lettres | ||
| 260 | |c 1924 | ||
| 300 | |a 765 páginas | ||
| 650 | |a LITERATURA LATINA | ||
| 650 | |a EN IDIOMA FRANCÉS | ||
| 650 | |a HISTORIA - LITERATURA LATINA | ||
| 999 | |c 11767 |d 11767 | ||
| 942 | |c LIB |h 870 L-1h |2 z | ||
